Top 1000 Baby Boy Names in 2019 - USA - Statistics

General Stats
  • This quiz has been taken 3,830 times
  • The average score is 107 of 200
Answer Stats
Answers % Correct
Alexander Henry Jacob Michael Daniel
95%
James Benjamin Lucas Mason Ethan
95%
Mateo David John Wyatt Carter
95%
Liam Noah Oliver William Elijah
94%
Logan Jackson Sebastian Jack Aiden
92%
Charles Caleb Isaiah Ryan Nathan
91%
Leonardo Luca Austin Jordan Adam
91%
Owen Samuel Matthew Joseph Levi
91%
Andrew Thomas Joshua Ezra Hudson
90%
Theodore Gabriel Anthony Dylan Leo
90%
Julian Luke Grayson Isaac Jayden
89%
Aaron Eli Landon Jonathan Nolan
88%
Alex August River Xander Antonio
88%
Jasper Max Juan Ivan Brandon
87%
Robert Jameson Nicholas Greyson Cooper
87%
Charlie Peter Kaleb Lukas Beckett
86%
Merrick Wes Will Jaxen Maxim
86%
Sam Uriah Ty Sylas Axton
86%
Xavier Jose Jace Everett Declan
86%
Ben Grey Jedidiah Tadeo Morgan
85%
Chase Cole Nathaniel Zachary Ashton
85%
Ryder Kingston Rowan George Luis
85%
Tucker Grant Richard Alejandro Steven
85%
Reid Kameron Andre Gunner Jake
84%
Victor Joel Timothy Hayden Judah
84%
Abraham Edward Messiah Zayden Theo
83%
Patrick Archer Barrett Leon Colt
83%
Eric Miguel Arthur Matteo Graham
82%
Knox Adonis Aidan Kaden Paul
82%
Jon Larry Reese Aldo Marcel
81%
Marcus Felix Mark Ace Brantley
81%
Omar Brian Louis Caden Maximiliano
81%
Tristan Jesus Jude Zion Justin
81%
Hunter Cameron Connor Santiago Jeremiah
80%
Lincoln Jaxon Asher Christopher Josiah
80%
Reed Quinn Frank Harvey Princeton
80%
Chris Jamari Ares Mohammad Darius
79%
Evan Kayden Parker Wesley Kai
79%
Adrian Christian Maverick Colton Elias
78%
Andy Johnny Jayceon Marco Seth
77%
Brayden Bryson Weston Jason Emmett
77%
Damian Harrison Waylon Ayden Vincent
77%
Ford Zaire Landyn Roy Bo
77%
Ian Carson Axel Jaxson Dominic
77%
Lorenzo Maxwell Jayce Kevin Legend
77%
Brody Finn Elliot Dean Emiliano
76%
Julio Casey Ronald Scott Callan
76%
Wilson Harry Jaziel Salvador Cullen
76%
Baker Bruce Kian Albert Frederick
75%
Braxton Gavin Tyler Diego Bentley
75%
Jesse Dawson Bryce Avery Oscar
75%
Martin Damien Dallas Cody Chance
75%
Rafael Kyle Riley Jorge Beckham
75%
Noe Talon Deandre Lochlan Joe
74%
Ray Jamie Eddie Guillermo Onyx
74%
Soren Dennis Donald Keith Izaiah
74%
Stephen Orion Malakai Ali Eduardo
74%
Jeremy Preston Enzo Luka Andres
73%
Holden Paxton Nash Bradley Bryan
72%
Nehemiah Ari Conner Jay Kade
72%
Troy Clark Jaxton Johnathan Gregory
71%
Alan Nicolas Blake Thiago Adriel
70%
Ezekiel Angel Roman Easton Miles
70%
Roger Shiloh Tommy Mitchell Azariah
70%
Santos Alistair Braydon Kamdyn Marc
70%
Leonard Ridge Trey Aden Leandro
69%
Simon Phoenix Lane Josue Colin
68%
Elisha Jaxxon Rohan Carl Kelvin
67%
Sean Khalil Hendrix Derek Cristian
67%
Allen Philip Tate Peyton Jase
66%
Pablo Cade Pedro Sullivan Trevor
66%
Romeo Dakota Edwin Warren Julius
65%
Kyrie Griffin Kenneth Israel Javier
64%
Zander Erick Walter Daxton Cash
64%
Maddox Abel King Camden Elliott
63%
Ricardo Tanner Malcolm Raymond Odin
63%
Amir Beau Gael Carlos Ryker
62%
Jagger Braden Curtis Mathew Jimmy
62%
Arlo Tobias Brady Clayton Francisco
61%
Jonah Giovanni Kaiden Myles Calvin
61%
Alijah Francis Leonidas Zachariah Landen
60%
Marcos Zaiden Hank Damon Hugo
60%
Jared Kason Malik Jeffrey Ismael
59%
Kyler Jax Amari Zane Emilio
59%
Major Donovan Caiden Tyson Nico
59%
Neil Denver Aarav Brendan Dillon
59%
Billy Callahan Dakari Gerald Turner
57%
Kashton Franklin Remy Shane Kendrick
57%
Lawrence Davis Rowen Zain Ermias
57%
Ahmed Finnley Justice Taylor Gustavo
56%
Fernando Anderson Angelo Spencer Gideon
56%
Mario Titus Travis Rylan Kayson
55%
Clay Douglas Layne Titan Tomas
54%
Ibrahim Raiden Collin Edgar Erik
53%
Raphael Danny Conrad Moshe Zyaire
53%
Abdiel Braylen Maximilian Skyler Phillip
52%
Bodie Jerry Langston Axl Stanley
52%
Hayes Manuel Prince Bodhi Cohen
52%
Kannon Marvin Huxley Nixon Tony
52%
Dalton Gianni Callum Sage Alexis
51%
Hector Ellis Leonel Cairo Garrett
51%
Howard Jad Jesiah Ignacio Zyon
51%
Lewis Kylan Kobe Makai Rayan
51%
Sawyer Silas Bennett Brooks Micah
51%
Russell Royce Fabian Ezequiel Noel
50%
Drake Tripp Marcelo Samson Dustin
49%
Kristopher Ernesto Briar Gary Trace
49%
Alonzo Augustus Kamari Eden Roberto
48%
Cayden Jaden Emerson Ronan Karson
48%
Elian Marshall Lawson Desmond Winston
48%
Harold Alvaro Harlan Amias Brett
48%
Joey Clyde Enoch Jaxx Crosby
48%
Malachi Milo Emmanuel Karter Rhett
48%
Armando Nikolai Cassius Drew Rodrigo
47%
Shawn Otto Armani Keegan Finnegan
47%
Kyng Reginald Bobby Kabir Jairo
45%
Sergio Nasir Rory Devin Jaiden
45%
Atlas Remington Maximus Matias Walker
44%
Judson Camilo Kenny Nova Robin
44%
Kamryn Musa Rey Thatcher Alfred
44%
Kareem Archie Amos Quinton Yosef
44%
Rudy Van Bjorn Brodie Mac
44%
Terry Damari Trent Bentlee Canaan
44%
Eliseo Gordon London Rocky Valentin
43%
Hamza Dariel Rex Zeke Mohammed
43%
Thaddeus Wayne Hassan Alonso Dash
43%
Jaime Duke Stetson Alec Yusuf
42%
Muhammad Iker Jaylen Crew Zayn
42%
Emanuel Niko Ruben Kasen Mathias
41%
Milan Moises Jonas Uriel Colson
41%
Moses Ayaan Jayson Raul Briggs
41%
Nelson Boone Ricky Santana Cayson
41%
Roland Saul Jalen Brycen Ryland
41%
Case Trenton Callen Ariel Jasiah
40%
Cason Mauricio Quentin Edison Quincy
40%
Caspian Ishaan Kristian Westley Hugh
40%
Cesar Lennox Joaquin Kane Wade
40%
Hezekiah Lionel Kohen Zaid Alberto
40%
Jensen Finley Jett Corbin Kash
40%
Lance Raylan Lucian Eliel Alvin
40%
Lennon Devon Nathanael Bruno Aryan
40%
Forrest Corey Derrick Isaias Kaison
39%
Grady Cyrus Gage Leland Solomon
39%
Houston Darren Lachlan Kase Korbin
39%
Mordechai Zayd Demetrius Harley Felipe
39%
Reece Chandler Lucca Mack Baylor
39%
Lee Brecken Atreus Madden Khari
38%
Mohamed Abram Omari Porter Enrique
38%
Zayne Matthias Conor Sterling Dax
38%
Anakin Jordy Juelz Toby Yael
37%
Carmelo Otis Randy Byron Chaim
36%
Flynn Vicente Brixton Kyro Brennan
36%
Benson Cannon Deacon Dorian Asa
35%
Cruz Kairo Dante Atticus Killian
35%
Ronin Royal Kamden Dexter Luciano
35%
Koda Sutton Kingsley Sonny Alfredo
34%
Oakley Rhys Kyson Adan Esteban
33%
Salvatore Stefan Tristen Adrien Jamal
33%
Brock Ahmad Kyree Arturo Nikolas
32%
Emery Maurice Jefferson Maximo Koa
32%
Louie Branson Graysen Allan Kole
32%
Forest Genesis Jerome Reuben Wesson
31%
Melvin Yousef Aron Kace Vincenzo
31%
Aayan Dhruv Seven Stone Rome
29%
Alexzander Benicio Vance Wallace Zavier
29%
Anders Banks Calum Dayton Kylen
29%
Krew Yehuda Marlon Rodney Creed
29%
Boston Sincere Alessandro Braylon Colby
28%
Bear Jabari Cory Fox Harlem
27%
Jakari Jeffery Maxton Ronnie Yisroel
27%
Augustine Mekhi Abdullah Ramon Saint
26%
Issac Fletcher Julien Wells Alden
26%
Kellan Miller Jakob Reign Kellen
26%
Lyle Dario Rene Terrance Xzavier
26%
Kieran Arjun Gunnar Rocco Emmitt
25%
Wilder Apollo Santino Tatum Pierce
25%
Ameer Dominik Alaric Dane Jeremias
24%
Layton Gerardo Johan Kaysen Keaton
24%
Kaiser Lian Bryant Junior Legacy
23%
Zakai Bridger Remi Arian Blaze
23%
Casen Kenzo Orlando Castiel Rayden
21%
Jacoby Sekani Vivaan Blaine Ira
20%
Magnus Fisher Jadiel Bronson Eugene
20%
Alfonso Darian Kylian Maison Foster
19%
Emory Kye Reyansh Yahir Cain
19%
Memphis Bowen Dominick Kolton Jamison
18%
Leighton Joziah Samir Watson Colten
17%
Aziel Darwin Marquis Mylo Ambrose
16%
Leroy Ayan Dilan Ephraim Anson
16%
Tru Boden Kolten Kylo Aries
16%
Keenan Yahya Heath Javion Jericho
14%
Gatlin Kiaan Franco Eithan Idris
13%
Mayson Niklaus Simeon Colter Davion
13%
Vihaan Jamir Valentino Shepherd Keanu
13%
Azrael Brentley Tristian Bode Jovanni
12%
Ulises Bellamy Brayan Kody Ledger
10%
Khalid Misael Westin Zechariah Aydin
9%
Ahmir Jair Mustafa Jermaine Yadiel
8%
Dangelo Emir Malakhi Salem Blaise
8%
Henrik Kalel Landry Marcellus Zahir
5%
No matching quizzes found
Score Distribution
Percent of People with Each Score
Percentile by Number Answered
Your Score History
You have not taken this quiz